Indian Calligraphy and Lettering/ (Record no. 216768)

MARC details
000 -LEADER
fixed length control field 00613nam a22002057a 4500
005 - DATE AND TIME OF LATEST TRANSACTION
control field 20260622163718.0
010 ## - LCCN (DPL NO)
LC control number ENG-148910
020 ## - INTERNATIONAL STANDARD BOOK NUMBER
International Standard Book Number 97893932700405
Terms of availability 800.00
035 ## - SYSTEM CONTROL NUMBER
System control number EN-132442
037 ## - SOURCE OF ACQUISITION
Source of stock number/acquisition DBAD
082 ## - DEWEY DECIMAL CLASSIFICATION NUMBER
Classification number 745.61
Edition number 1
100 ## - MAIN ENTRY--PERSONAL NAME
Personal name Low, Bhupender
245 ## - TITLE STATEMENT
Title Indian Calligraphy and Lettering/
Statement of responsibility, etc Bhupender Low [and] Chanchal Rani
250 ## - EDITION STATEMENT
Edition statement 1
260 ## - PUBLICATION, DISTRIBUTION, ETC. (IMPRINT)
Place of publication, distribution, etc Delhi
Name of publisher, distributor, etc Diamond Creation
Date of publication, distribution, etc 2024
270 ## - ADDRESS
Address 21 north, Basti harphool singh Sadar Thana Road,
City Delhi
Postal code 110006
300 ## - PHYSICAL DESCRIPTION
Extent 147p.
Dimensions 22cm(Hb)
700 ## - ADDED ENTRY--PERSONAL NAME
Personal name Chanchal Rani
Relator term Author
942 ## - ADDED ENTRY ELEMENTS (KOHA)
Source of classification or shelving scheme Dewey Decimal Classification
Item type English Books
Classification part 745.61
Call number suffix LOW
Holdings
Withdrawn status Lost status Not for loan Collection code Home library Current library Date acquired Source of acquisition Cost, normal purchase price Full call number Barcode Copy number Cost, replacement price Koha item type
    Not For Loan Non-fiction D.B.Act.Division D.B.Act.Division 22/06/2026 Delivery of Books Act Division 800.00 745.61 LOW EN-132442 1 800.00 English Books

© Delhi Public Library
Hit Counter
free hit counter